El Enfoque de género en el sector público nicaragüense
Guardado en:
| Formato: | Texto |
|---|---|
| Materias: | |
| Etiquetas: |
Agregar Etiqueta
Sin Etiquetas, Sea el primero en etiquetar este registro!
|
MARC
| LEADER | 00000 a a2200000 04500 | ||
|---|---|---|---|
| 001 | 14137 | ||
| 003 | |||
| 040 | |||
| 245 | |a El Enfoque de género en el sector público nicaragüense | ||
| 650 | |a IGUALDAD DE GENERO | ||
| 650 | |a PARTICIPACION DE LA MUJER | ||
| 650 | |a EMPLEADOS PUBLICOS | ||
| 650 | |a DISCRIMINACION BASADA EN EL GENERO | ||
| 650 | |a ESCOLARIDAD | ||
| 650 | |a HOMBRES | ||
| 650 | |a MUJERES | ||
| 773 | |g número 38 -39; páginas 105-121 | ||
| 999 | |c 26699 |d 26699 | ||
